Tai chi chuan: los ejercicios básicos
-д хадгалсан:
| Үндсэн зохиолч: | |
|---|---|
| Формат: | Ном |
| Хэл сонгох: | испани |
| Хэвлэсэн: |
Badalona
Paidotribo
2006
|
| Хэвлэл: | 4a. ed |
| Цуврал: | Artes Marciales
|
| Нөхцлүүд: | |
| Шошгууд: |
Шошго нэмэх
Шошго байхгүй, Энэхүү баримтыг шошголох эхний хүн болох!
|
MARC
| LEADER | 00000nam a2200000 a 4500 | ||
|---|---|---|---|
| 001 | UCG3317 | ||
| 003 | CL-VaPUC | ||
| 008 | 100819e20060000sp |||||||||||||||||spa|d | ||
| 020 | |a 848019202Xv.1 | ||
| 082 | 0 | 4 | |a 796.815 |b SHI |2 21 |
| 100 | 0 | |a Shing, Yen-Ling |e author |9 552348 | |
| 245 | 1 | 0 | |a Tai chi chuan: los ejercicios básicos |
| 250 | |a 4a. ed | ||
| 300 | |a v | ||
| 942 | |c BK | ||
| 945 | |d 20100819 00:00:00 |a mfarfan | ||
| 260 | |a Badalona |b Paidotribo |c 2006 | ||
| 650 | 0 | |a Artes marciales |9 311835 | |
| 650 | 7 | |a TAI CHI CHUAN |2 CL-VaPUC |9 552204 | |
| 650 | 0 | |a Actividad física |9 362156 | |
| 650 | 7 | |a ENTRENAMIENTO FISICO |2 CL-VaPUC |9 307393 | |
| 650 | 7 | |a DEPORTES DE COMBATE |2 CL-VaPUC |9 341527 | |
| 583 | |a last modification |c 20171130 06:45:29 |k Rodrigo Vera | ||
| 490 | 0 | |a Artes Marciales | |
| 999 | |c 342387 |d 342385 | ||
| 952 | |0 0 |1 0 |4 0 |6 796_815000000000000_SHI_2006 |7 0 |8 C |9 438551 |a BIBCUR |b BIBCUR |d 2019-11-22 |h v.1 |i 4709020 |l 1 |o 796.815 SHI 2006 |p 4709020 |r 2025-04-22 |s 2025-01-06 |w 2019-11-22 |y BK |k DEN | ||